00385 2200157 4500001002100000008004100021035002000062245003900082100001700121250000600138260003500144084001400179082000800193650001400201990001200215INLIS000000000001182 ind  a0010-0524000417 aTeori-Teori PsikologicMatt Zarvis aZarvis, Matt a1 aPurwokerto :bNusa Mediac2009 a100 MAT t a100 aNon Fiksi a0713593